| 000 | 00992nam a22002177a 4500 | ||
|---|---|---|---|
| 005 | 20120309123426.0 | ||
| 010 | _aB-456377 | ||
| 020 |
_a9780521691024 _c395.00 |
||
| 035 | _aB-456377 | ||
| 037 | _bAllied | ||
| 082 | _a488.24076 | ||
| 100 |
_aJakeman, Vanessa _944491 |
||
| 245 |
_aInsight into IELTS extra with answers / _cby Vanessa Jakeman and Clare McDowell |
||
| 260 |
_aNew Delhi _bCambridge University Press _c2011 |
||
| 270 |
_aCambridge House,4381/4,Ansari Road,Daryaganj, _bNew Delhi _e110002 |
||
| 300 |
_a158p _c28cm(pbk) _bill _e+CD-ROM |
||
| 700 |
_aMcdowell,Clare _943703 |
||
| 942 |
_2ddc _cEN _mJAK _h488.24076 |
||
| 999 |
_c63976 _d63976 |
||